[Event "FRA-chT Top 12 (Women) GpA"]
[Site "Bennwihr"]
[Date "2011.02.12"]
[Round "3.2"]
[White "Wolfangel, Florence"]
[Black "Boyarchenko, Marie"]
[Result "0-1"]
[WhiteElo "1919"]
[BlackElo "1979"]
[PlyCount "82"]
[EventDate "2011.02.11"]
[EventType "team-tourn"]
[EventRounds "5"]
[EventCountry "FRA"]
[SourceTitle "EXT 2012"]
[Source "ChessBase"]
[SourceDate "2011.11.24"]
[SourceVersion "1"]
[SourceVersionDate "2011.11.24"]
[SourceQuality "1"]
[WhiteTeam "Tours de Haute Picardie (W)"]
[BlackTeam "Strasbourg (W)"]
[WhiteTeamCountry "FRA"]
[BlackTeamCountry "FRA"]

1. d4 d6 2. c4 f5 3. Nc3 g6 4. e3 Bg7 5. Bd3 Nf6 6. Nf3 0-0 7. 0-0 c6 8. e4 fxe4 9. Nxe4 Bg4 10. Nxf6+ Rxf6 11. Be2 Nd7 12. Ng5 Bxe2 13. Qxe2 e5 14. dxe5 Nxe5 15. f4 Nd7 16. Bd2 h6 17. Ne6 Qb6+ 18. c5 Nxc5 19. Nxg7 Kxg7 20. Qe7+ Kg8 21. Bc3 Rf7 22. Qe3 Na4 23. Qxb6 axb6 24. Bb4 c5 25. Bc3 Nxc3 26. bxc3 Ra3 27. Rab1 Rxc3 28. Rxb6 d5 29. Rxg6+ Kh7 30. Rb6 d4 31. Rfb1 Rc2 32. a4 d3 33. R6b2 Rxb2 34. Rxb2 c4 35. Kf2 Rxf4+ 36. Ke3 Rf7 37. Kd4 Rd7+ 38. Kc3 Kg6 39. Rd2 Kf5 40. Kxc4 Ke4 41. a5 Ke3 0-1

[Event "FRA-chT Top 16 GpB"]
[Site "France"]
[Date "2007.05.02"]
[Round "7.8"]
[White "Moingt, Anne"]
[Black "Wolfangel, Florence"]
[Result "1-0"]
[WhiteElo "2188"]
[BlackElo "1963"]
[PlyCount "89"]
[EventDate "2007.02.09"]
[EventType "team"]
[EventRounds "11"]
[EventCountry "FRA"]
[SourceTitle "CBM 118 Extra"]
[Source "ChessBase"]
[SourceDate "2007.07.04"]
[SourceVersion "1"]
[SourceVersionDate "2007.07.04"]
[SourceQuality "1"]
[WhiteTeam "Mulhouse"]
[BlackTeam "Drancy"]
[WhiteTeamCountry "FRA"]
[BlackTeamCountry "FRA"]

1. e4 e6 2. d4 d5 3. Nd2 Nf6 4. e5 Nfd7 5. Bd3 c5 6. c3 Nc6 7. Ne2 cxd4 8. cxd4 f6 9. exf6 Qxf6 10. Nf3 h6 11. 0-0 Bd6 12. Ng3 0-0 13. Bc2 Rd8 14. a3 Nf8 15. Re1 Bd7 16. Be3 Be8 17. b4 a6 18. Rc1 Rac8 19. Ba4 b5 20. Bc2 Bg6 21. Qd2 a5 22. Bxg6 Nxg6 23. Qd3 Na7 24. bxa5 Rc4 25. Bd2 Nf4 26. Qe3 g5 27. Ne5 Ra4 28. Bb4 Rxb4 29. axb4 Bxb4 30. Red1 Bxa5 31. Ra1 Bb6 32. Ra6 Rd6 33. Rda1 Qe7 34. Nd3 Ng6 35. Nc5 Nc8 36. Ra8 Rc6 37. Nxe6 Rxe6 38. Rxc8+ Kh7 39. Qd3 Bc7 40. Rca8 Bb6 41. h3 Qf6 42. Rd1 b4 43. Rb8 Re7 44. Qf5 Qd6 45. Qc8 1-0

[Event "Avoine op 21th"]
[Site "Avoine"]
[Date "2006.07.24"]
[Round "3"]
[White "Wolfangel, Florence"]
[Black "Reau, Laurent"]
[Result "1/2-1/2"]
[WhiteElo "1949"]
[BlackElo "1720"]
[PlyCount "51"]
[EventDate "2006.07.22"]
[EventType "swiss"]
[EventRounds "9"]
[EventCountry "FRA"]
[SourceTitle "EXT 2007"]
[Source "ChessBase"]
[SourceDate "2006.11.23"]
[SourceVersion "1"]
[SourceVersionDate "2006.11.23"]
[SourceQuality "1"]

1. d4 d5 2. c4 e6 3. Nc3 Nf6 4. Nf3 Be7 5. Bg5 c6 6. e3 Ne4 7. Bxe7 Qxe7 8. Bd3 Nxc3 9. bxc3 dxc4 10. Bxc4 b5 11. Bd3 Nd7 12. 0-0 Nb6 13. Ne5 Bb7 14. f4 Nd5 15. Qd2 f6 16. Nf3 a6 17. e4 Nb6 18. Rae1 0-0 19. Qf2 Na4 20. c4 Qa3 21. Re3 Qb2 22. c5 Rae8 23. Qxb2 Nxb2 24. Rb1 Nxd3 25. Rxd3 a5 26. a3 1/2-1/2

[Event "FRA-chT Top 16 GpA"]
[Site "France"]
[Date "2006.04.02"]
[Round "7"]
[White "Wolfangel, Florence"]
[Black "Koch, Jean Rene"]
[Result "0-1"]
[WhiteElo "1960"]
[BlackElo "2441"]
[PlyCount "102"]
[EventDate "2006.02.03"]
[EventType "team-tourn"]
[EventRounds "7"]
[EventCountry "FRA"]
[SourceTitle "CBM 111 Extra"]
[Source "ChessBase"]
[SourceDate "2006.05.09"]
[SourceVersion "1"]
[SourceVersionDate "2006.05.09"]
[SourceQuality "1"]
[WhiteTeam "Drancy"]
[BlackTeam "Clichy"]
[WhiteTeamCountry "FRA"]
[BlackTeamCountry "FRA"]

1. d4 f5 2. c4 Nf6 3. Nc3 d6 4. e3 g6 5. h4 Bg7 6. Bd3 e5 7. dxe5 dxe5 8. e4 f4 9. b3 0-0 10. Bb2 c6 11. Qd2 Qe7 12. 0-0-0 Rd8 13. Qe1 Na6 14. Nf3 Nc5 15. Bb1 Bg4 16. Ba3 Nxb3+ 17. Kb2 Nc5 18. Qe2 Bf8 19. Ka1 Nb3+ 20. axb3 Qxa3+ 21. Ba2 Bc5 22. Qc2 Bxf3 23. gxf3 Rxd1+ 24. Rxd1 Bd4 25. Kb1 Qc5 26. Na4 Qb4 27. Nb2 c5 28. Nd3 Qb6 29. Kc1 a5 30. Kd2 Kf7 31. Ke2 Ke7 32. Rb1 Rg8 33. Qd1 Qc6 34. Qh1 Qd7 35. Qg2 h6 36. Rd1 Qe6 37. Rg1 Ne8 38. Qf1 Nd6 39. Qc1 b6 40. Nb2 Bxb2 41. Qxb2 Nc8 42. Rd1 Na7 43. Rd5 Nc6 44. Qd2 Nd4+ 45. Rxd4 cxd4 46. b4 axb4 47. Qxb4+ Kf6 48. Qa3 Rc8 49. c5 Qe7 50. Qa6 Qxc5 51. Qa7 Qb5+ 0-1

[Event "FRA-chT Top 16 GpA"]
[Site "France"]
[Date "2006.04.01"]
[Round "6"]
[White "Wolfangel, Florence"]
[Black "Delorme, Laurie"]
[Result "0-1"]
[WhiteElo "1960"]
[BlackElo "2064"]
[PlyCount "75"]
[EventDate "2006.02.03"]
[EventType "team-tourn"]
[EventRounds "7"]
[EventCountry "FRA"]
[SourceTitle "CBM 111 Extra"]
[Source "ChessBase"]
[SourceDate "2006.05.09"]
[SourceVersion "1"]
[SourceVersionDate "2006.05.09"]
[SourceQuality "1"]
[WhiteTeam "Drancy"]
[BlackTeam "Creteil"]
[WhiteTeamCountry "FRA"]
[BlackTeamCountry "FRA"]

1. b3 d6 2. Bb2 Nd7 3. e3 Ngf6 4. f4 g6 5. Nf3 Bg7 6. Be2 0-0 7. 0-0 c6 8. Qe1 Qc7 9. Qh4 Nc5 10. h3 a5 11. a4 Bd7 12. Na3 h6 13. g4 Nd5 14. Bxg7 Kxg7 15. Kh1 Rh8 16. Bc4 Nf6 17. Rf2 Nce4 18. Rh2 d5 19. Bd3 g5 20. Qe1 gxf4 21. Bxe4 Nxe4 22. d3 Ng5 23. Qc3+ f6 24. Nd4 fxe3 25. h4 Qf4 26. Rg1 Kf7 27. Ne2 Qf3+ 28. Rgg2 Nh3 29. Qe1 Nf2+ 30. Kg1 Nxg4 31. Rh1 e5 32. Rg3 Qf2+ 33. Qxf2 Nxf2 34. Rxe3 Nxh1 35. Kxh1 Rhg8 36. Nb1 Rg4 37. Rh3 Rag8 38. Rh2 0-1

[Event "FRA-chT Top 16 GpA"]
[Site "France"]
[Date "2006.03.31"]
[Round "5"]
[White "Guadalpi, Celine"]
[Black "Wolfangel, Florence"]
[Result "1/2-1/2"]
[WhiteElo "1902"]
[BlackElo "1960"]
[PlyCount "83"]
[EventDate "2006.02.03"]
[EventType "team-tourn"]
[EventRounds "7"]
[EventCountry "FRA"]
[SourceTitle "CBM 111 Extra"]
[Source "ChessBase"]
[SourceDate "2006.05.09"]
[SourceVersion "1"]
[SourceVersionDate "2006.05.09"]
[SourceQuality "1"]
[WhiteTeam "Avignon"]
[BlackTeam "Drancy"]
[WhiteTeamCountry "FRA"]
[BlackTeamCountry "FRA"]

1. e4 e6 2. d4 d5 3. exd5 exd5 4. Bd3 Bd6 5. Ne2 Ne7 6. Bf4 Nbc6 7. c3 Bf5 8. 0-0 Bxd3 9. Qxd3 Bxf4 10. Nxf4 Qd6 11. Qf3 0-0-0 12. Nd2 Rdg8 13. Rfe1 h5 14. Nd3 f5 15. Ne5 Nd8 16. Re2 g5 17. Rae1 g4 18. Qf4 Rg7 19. Nd3 Qf6 20. Qe5 Qh6 21. Nf4 Ndc6 22. Qe6+ Qxe6 23. Rxe6 h4 24. c4 Rhh7 25. cxd5 Nxd4 26. Rf6 g3 27. h3 gxf2+ 28. Kxf2 b6 29. Nc4 Nc2 30. Rc1 Nb4 31. Rf8+ Kb7 32. d6 Ned5 33. dxc7 Rxc7 34. Nd6+ Ka6 35. Rxc7 Rxc7 36. Nxd5 Nxd5 37. Rxf5 Rc2+ 38. Kf3 Nb4 39. a3 Nc6 40. Rf4 Rxb2 41. Ra4+ Na5 42. Rxh4 1/2-1/2

[Event "FRA-chT Top 16 GpA"]
[Site "France"]
[Date "2006.02.04"]
[Round "2"]
[White "Wolfangel, Florence"]
[Black "Flear, Christine"]
[Result "0-1"]
[WhiteElo "1960"]
[BlackElo "2212"]
[PlyCount "86"]
[EventDate "2006.02.03"]
[EventType "team-tourn"]
[EventRounds "7"]
[EventCountry "FRA"]
[SourceTitle "EXT 2007"]
[Source "ChessBase"]
[SourceDate "2006.11.23"]
[SourceVersion "1"]
[SourceVersionDate "2006.11.23"]
[SourceQuality "1"]
[WhiteTeam "Drancy"]
[BlackTeam "Montpellier"]
[WhiteTeamCountry "FRA"]
[BlackTeamCountry "FRA"]

1. d4 d5 2. c4 dxc4 3. Nc3 c6 4. a4 e5 5. e3 exd4 6. exd4 Be6 7. Nf3 Nf6 8. Be2 Bb4 9. 0-0 Nbd7 10. Ng5 Bd5 11. Qc2 h6 12. Nge4 Nxe4 13. Nxe4 b5 14. axb5 cxb5 15. Nc3 Bxc3 16. bxc3 0-0 17. Qf5 Nf6 18. Bf3 Bxf3 19. Qxf3 Qd5 20. Qf4 a5 21. Ba3 Rfe8 22. Rfe1 Re4 23. Qc7 Rae8 24. Rf1 Qd8 25. Qc6 Nd5 26. Bb2 R4e6 27. Qc5 Nf4 28. Kh1 Nd3 29. Qxb5 Rb6 30. Qxc4 Nxb2 31. Qc5 a4 32. d5 Qb8 33. Qd4 Rc8 34. Rfb1 Qd6 35. Ra2 Rc4 36. Qe3 Qb8 37. d6 Qxd6 38. Qe8+ Kh7 39. Qxf7 Qd3 40. Raa1 Rf6 41. Qa7 Qxc3 42. h3 Nd3 43. Rf1 Nxf2+ 0-1

[Event "FRA-chT N1"]
[Site "France"]
[Date "2005.05.08"]
[Round "11"]
[White "Gras, Delphine"]
[Black "Wolfangel, Florence"]
[Result "1/2-1/2"]
[WhiteElo "1952"]
[BlackElo "1926"]
[PlyCount "43"]
[EventDate "2005.05.05"]
[EventType "team"]
[EventRounds "11"]
[EventCountry "FRA"]
[SourceTitle "EXT 2006"]
[Source "ChessBase"]
[SourceDate "2005.11.24"]
[SourceVersion "1"]
[SourceVersionDate "2005.11.24"]
[SourceQuality "1"]

1. e4 e6 2. d4 d5 3. Nc3 Bb4 4. e5 c5 5. a3 Bxc3+ 6. bxc3 Ne7 7. Qg4 Qa5 8. Bd2 0-0 9. c4 Qc7 10. Nf3 cxd4 11. cxd5 exd5 12. Qxd4 Nbc6 13. Qc5 Bg4 14. Qd6 Qxd6 15. exd6 Nf5 16. 0-0-0 Nxd6 17. Bf4 Ne4 18. Rxd5 Nxf2 19. Rg1 Rad8 20. Bc4 Ne4 21. Re1 Rde8 22. Rb5 1/2-1/2

[Event "FRA-ch U20 Girls"]
[Site "Calvi"]
[Date "2005.04.23"]
[Round "8"]
[White "Levacic, Melissa"]
[Black "Wolfangel, Florence"]
[Result "0-1"]
[WhiteElo "1997"]
[BlackElo "1926"]
[PlyCount "76"]
[EventDate "2005.04.??"]
[EventType "swiss"]
[EventRounds "9"]
[EventCountry "FRA"]
[SourceTitle "EXT 2006"]
[Source "ChessBase"]
[SourceDate "2005.11.24"]
[SourceVersion "1"]
[SourceVersionDate "2005.11.24"]
[SourceQuality "1"]

1. e4 e6 2. Nc3 b6 3. Nf3 Bb7 4. Be2 c5 5. d4 cxd4 6. Nxd4 Bb4 7. Bd2 Nc6 8. Nb3 Nf6 9. f3 Rc8 10. Nb5 Be7 11. Bg5 0-0 12. Nd6 Bxd6 13. Qxd6 Nxe4 14. Qxc6 Qxg5 15. Qxb7 Qh4+ 16. g3 Nxg3 17. 0-0-0 Nxe2+ 18. Kb1 Qc4 19. Rd2 d5 20. Re1 Rc7 21. Qxc7 Nc3+ 22. bxc3 Qxc7 23. Kb2 Rc8 24. Re3 a5 25. Nd4 Qc5 26. Red3 a4 27. f4 a3+ 28. Kc1 Qc4 29. Kb1 b5 30. h3 b4 31. cxb4 Qxb4+ 32. Nb3 Qxf4 33. Nd4 Rb8+ 34. Nb3 h6 35. c3 Qc4 36. Kc2 Qe4 37. Kd1 Rxb3 38. axb3 a2 0-1

[Event "FRA-ch U20 Girls"]
[Site "Calvi"]
[Date "2005.04.20"]
[Round "5"]
[White "Roos, Eliane"]
[Black "Wolfangel, Florence"]
[Result "0-1"]
[WhiteElo "1950"]
[BlackElo "1926"]
[PlyCount "64"]
[EventDate "2005.04.??"]
[EventType "swiss"]
[EventRounds "9"]
[EventCountry "FRA"]
[SourceTitle "EXT 2006"]
[Source "ChessBase"]
[SourceDate "2005.11.24"]
[SourceVersion "1"]
[SourceVersionDate "2005.11.24"]
[SourceQuality "1"]

1. d4 e6 2. c4 b6 3. Nc3 f5 4. e4 fxe4 5. Nxe4 Nf6 6. Nxf6+ Qxf6 7. Nf3 Bb7 8. Be2 Nc6 9. a3 h6 10. Bd2 0-0-0 11. Bc3 d5 12. Qc2 g5 13. 0-0-0 Bg7 14. Rhe1 h5 15. Kb1 Rhf8 16. Rf1 g4 17. Ne5 Nxe5 18. dxe5 Qg5 19. cxd5 exd5 20. e6 d4 21. Bb4 c5 22. Bd2 Qe5 23. f4 Qxe6 24. Bc4 Qf6 25. Bc1 Rfe8 26. Rfe1 a6 27. g3 b5 28. Bxb5 axb5 29. Qxc5+ Qc6 30. Qf5+ Kb8 31. Qxh5 Rxe1 32. Rxe1 d3 0-1

[Event "FRA-chT2 0304"]
[Site "France"]
[Date "2004.01.17"]
[Round "5"]
[White "Bausmayer, Clement"]
[Black "Wolfangel, Florence"]
[Result "1-0"]
[WhiteElo "1520"]
[BlackElo "1945"]
[PlyCount "53"]
[EventDate "2003.10.??"]
[EventType "team"]
[EventRounds "11"]
[EventCountry "FRA"]
[SourceTitle "EXT 2005"]
[Source "ChessBase"]
[SourceDate "2004.11.15"]
[SourceVersion "1"]
[SourceVersionDate "2004.11.15"]
[SourceQuality "1"]

1. e4 e6 2. d4 d5 3. exd5 exd5 4. Nf3 Bd6 5. Nc3 Ne7 6. Bd3 Nbc6 7. 0-0 Bg4 8. Re1 Qd7 9. Bd2 0-0-0 10. Nb5 a6 11. Nxd6+ Qxd6 12. c3 f6 13. a4 g5 14. b4 Ng6 15. b5 Nb8 16. bxa6 Nxa6 17. Rb1 Bd7 18. Qb3 Qc6 19. Bb5 Qb6 20. Qxd5 Bxb5 21. Qxb5 Qxb5 22. axb5 Nb8 23. Re6 Rhf8 24. h3 h5 25. Nxg5 Kd7 26. Rbe1 Nh4 27. Re7+ 1-0

[Event "FRA-chT2O 0203"]
[Site "France"]
[Date "2003.03.16"]
[Round "9.9"]
[White "Kuchly, Celine"]
[Black "Wolfangel, Florence"]
[Result "0-1"]
[WhiteElo "1710"]
[BlackElo "2010"]
[PlyCount "100"]
[EventDate "2002.10.??"]
[EventType "team"]
[EventRounds "11"]
[EventCountry "FRA"]
[SourceTitle "EXT 2004"]
[Source "ChessBase"]
[SourceDate "2003.11.25"]
[SourceVersion "1"]
[SourceVersionDate "2003.11.25"]
[SourceQuality "1"]
[WhiteTeam "Saverne"]
[BlackTeam "Chalons en Champagne"]
[WhiteTeamCountry "FRA"]
[BlackTeamCountry "FRA"]

1. d4 Nf6 2. c4 g6 3. Nc3 Bg7 4. e4 d6 5. Nf3 Nbd7 6. Be2 e5 7. 0-0 0-0 8. d5 a5 9. b3 Nc5 10. Nd2 Ne8 11. Bb2 f5 12. f3 f4 13. a3 g5 14. b4 axb4 15. axb4 Rxa1 16. Bxa1 Na6 17. Qb3 h5 18. Na4 g4 19. c5 g3 20. Rc1 gxh2+ 21. Kxh2 Qh4+ 22. Kg1 Rf6 23. b5 Rg6 24. Bf1 Bh3 25. Qc4 Qg3 26. Qe2 Nxc5 27. Nxc5 dxc5 28. Rxc5 h4 29. Qf2 Bxg2 30. Qxg3 Rxg3 31. Bxg2 h3 32. Nf1 Rxg2+ 33. Kh1 Bf6 34. Nh2 Re2 35. Rc1 Kf7 36. Ng4 Kg6 37. Rg1 Kf7 38. Bxe5 Bxe5 39. Nxe5+ Kf6 40. Ng4+ Kf7 41. Ne5+ Kf6 42. Ng4+ Ke7 43. Rb1 Ng7 44. b6 Kd6 45. bxc7 Kxc7 46. Kg1 Nh5 47. Rc1+ Kd8 48. Rb1 Rg2+ 49. Kf1 Ng3+ 50. Ke1 Rg1+ 0-1

[Event "FRA-ch U18 Girls"]
[Site "Hyeres"]
[Date "2002.??.??"]
[Round "5.5"]
[White "Martin, Laurence"]
[Black "Wolfangel, Florence"]
[Result "0-1"]
[WhiteElo "1840"]
[BlackElo "1960"]
[PlyCount "72"]
[EventDate "2002.04.05"]
[EventType "swiss"]
[EventRounds "9"]
[EventCountry "FRA"]
[SourceTitle "EXT 2003"]
[Source "ChessBase"]
[SourceDate "2002.11.25"]
[SourceVersion "1"]
[SourceVersionDate "2002.11.25"]
[SourceQuality "1"]

1. e4 e6 2. d4 d5 3. e5 c5 4. c3 Nc6 5. Nf3 cxd4 6. cxd4 Nge7 7. Be2 Nf5 8. Nc3 Qb6 9. Na4 Qa5+ 10. Nc3 Bb4 11. Qd3 Qb6 12. a3 Be7 13. Na4 Qa5+ 14. Nc3 Qd8 15. 0-0 a6 16. b4 b5 17. h3 Bd7 18. Bb2 Na7 19. Na2 Rc8 20. Rac1 Rc4 21. Qd2 Bc6 22. Bxc4 dxc4 23. Rc3 Nc8 24. Nc1 Bb7 25. Ne2 Nb6 26. Rd1 Na4 27. Rcc1 Qa8 28. Ne1 Nh4 29. g3 Nf3+ 30. Nxf3 Bxf3 31. Kh2 h6 32. Rc2 Bg5 33. Qe1 Qe4 34. Rdd2 Nxb2 35. Rxb2 c3 36. h4 Bxd2 0-1

[Event "FRA-chT1"]
[Site "France"]
[Date "2002.??.??"]
[Round "9.6"]
[White "Philippe, Christophe"]
[Black "Wolfangel, Florence"]
[Result "1-0"]
[WhiteElo "2325"]
[BlackElo "1960"]
[PlyCount "73"]
[EventDate "2002.02.??"]
[EventType "team"]
[EventRounds "11"]
[EventCountry "FRA"]
[SourceTitle "EXT 2003"]
[Source "ChessBase"]
[SourceDate "2002.11.25"]
[SourceVersion "1"]
[SourceVersionDate "2002.11.25"]
[SourceQuality "1"]
[WhiteTeam "Nancy"]
[BlackTeam "Noyon"]
[WhiteTeamCountry "FRA"]
[BlackTeamCountry "FRA"]

1. e4 e6 2. d4 d5 3. Nc3 Bb4 4. Bd3 Nf6 5. e5 Nfd7 6. Qg4 Kf8 7. a3 Be7 8. f4 f5 9. exf6 Nxf6 10. Qe2 b6 11. Nf3 c5 12. b3 Nc6 13. dxc5 bxc5 14. 0-0 Bd6 15. Bd2 a6 16. Kh1 Qe7 17. Rae1 Nd4 18. Nxd4 cxd4 19. Na4 Rb8 20. b4 Kf7 21. Qf2 Ng4 22. Qxd4 Qh4 23. h3 h5 24. Rf3 Qf6 25. Qa7+ Qe7 26. Qd4 Qf6 27. Bc3 Qxd4 28. Bxd4 Bd7 29. Nc5 Bxc5 30. Bxc5 Ra8 31. Kg1 Nf6 32. Rg3 h4 33. Bg6+ Kg8 34. Rg5 Rh6 35. Bd4 Rf8 36. Bd3 Nh7 37. Rxg7+ 1-0